[Event "35t. Copenhagen Open (Politiken Cup)"]
[Site "Elsinore"]
[Date "2013.07.27"]
[Round "1"]
[White "Friedrich, Norbert"]
[Black "Fjellengen, Baard"]
[Result "1-0"]
[WhiteElo "2305"]
[BlackElo "1869"]
[PlyCount "41"]
[EventDate "2013.07.27"]
[EventType "swiss"]
[EventRounds "10"]
[EventCountry "DEN"]
[Source "ChessBase"]
[SourceDate "2013.08.26"]

1. e4 c5 2. Nf3 Nc6 3. d4 cxd4 4. Nxd4 e5 5. Nb5 d6 6. c4 a6 7. N5c3 Nf6 8. Bd3
Be7 9. O-O O-O 10. Na3 Nb4 11. Be2 Bd7 12. Be3 Bc6 13. Qd2 Qa5 14. f3 b5 15.
cxb5 axb5 16. Bxb5 Bxb5 17. Naxb5 d5 18. exd5 Nbxd5 19. Nxd5 Qxb5 20. Nxe7+ Kh8
21. Nf5 1-0

[Event "35t. Copenhagen Open (Politiken Cup)"]
[Site "Elsinore"]
[Date "2013.07.27"]
[Round "1"]
[White "Glud, Jakob Vang"]
[Black "Jacobsen, Fredrik Beer"]
[Result "1-0"]
[WhiteElo "2520"]
[BlackElo "1935"]
[PlyCount "83"]
[EventDate "2013.07.27"]
[EventType "swiss"]
[EventRounds "10"]
[EventCountry "DEN"]
[Source "ChessBase"]
[SourceDate "2013.08.26"]

1. c4 e5 2. g3 Nf6 3. Bg2 d5 4. cxd5 Nxd5 5. Nf3 Nc6 6. O-O Be7 7. d4 e4 8. Ne5
f5 9. Nxc6 bxc6 10. Nc3 O-O 11. Qa4 Bd7 12. Qc4 Kh8 13. Nxd5 Be6 14. Qxc6 Bxd5
15. Qc3 Bf6 16. Bf4 Rc8 17. Qc5 g5 18. Be5 Bxe5 19. dxe5 c6 20. Rad1 Qe8 21.
Qc3 Qe6 22. f4 gxf4 23. Rxf4 Rce8 24. b3 Qxe5 25. Qc5 Qb2 26. e3 Rf7 27. Rf2
Qe5 28. Rd4 Qc7 29. Rf4 Re5 30. Qc3 Rg7 31. Bh3 c5 32. Rd2 Be6 33. Rf1 f4 34.
Bxe6 Rxe6 35. Rxf4 h6 36. Rd5 Kh7 37. Kg2 Reg6 38. Qxc5 Rc6 39. Qf8 Rc2+ 40.
Kh3 Rxa2 41. Qf5+ Kh8 42. Rc5 1-0

[Event "35t. Copenhagen Open (Politiken Cup)"]
[Site "Elsinore"]
[Date "2013.07.27"]
[Round "1"]
[White "Greibrokk, Ingrid Andrea"]
[Black "Jorgensen, Rasmus"]
[Result "0-1"]
[WhiteElo "1598"]
[BlackElo "2064"]
[PlyCount "70"]
[EventDate "2013.07.27"]
[EventType "swiss"]
[EventRounds "10"]
[EventCountry "DEN"]
[Source "ChessBase"]
[SourceDate "2013.08.26"]

1. e4 g6 2. d4 Bg7 3. Nf3 d6 4. Nc3 a6 5. Be2 Nd7 6. O-O b5 7. a3 Bb7 8. Be3 c5
9. b4 cxd4 10. Bxd4 Ngf6 11. e5 dxe5 12. Nxe5 Nxe5 13. Bxe5 O-O 14. Bd3 Rc8 15.
Qe2 Qb6 16. Nd1 Rfd8 17. Ne3 Nh5 18. Bxg7 Nf4 19. Qg4 Nxd3 20. Bh6 Ne5 21. Qg3
Qe6 22. f4 Nc4 23. f5 Qe4 24. Nxc4 Rxc4 25. Rf4 Qe5 26. fxg6 hxg6 27. Re1 Qc7
28. h3 Rxc2 29. Qh4 Rxg2+ 30. Kf1 Qb6 31. Rf2 Rxf2+ 32. Qxf2 Qxf2+ 33. Kxf2 e6
34. Bg5 Rd5 35. h4 f6 0-1

[Event "35t. Copenhagen Open (Politiken Cup)"]
[Site "Elsinore"]
[Date "2013.07.27"]
[Round "1"]
[White "Halamus, Agata"]
[Black "Kyrkjebo, Hanna Bakken"]
[Result "1-0"]
[WhiteElo "2046"]
[BlackElo "1577"]
[PlyCount "91"]
[EventDate "2013.07.27"]
[EventType "swiss"]
[EventRounds "10"]
[EventCountry "DEN"]
[Source "ChessBase"]
[SourceDate "2013.08.26"]

1. e4 e5 2. Nf3 Nc6 3. Bc4 Bc5 4. c3 Nf6 5. d3 d6 6. O-O a6 7. Bb3 O-O 8. Nbd2
Bg4 9. h3 Bh5 10. Re1 Re8 11. Nf1 h6 12. Ng3 Bg6 13. Be3 Bxe3 14. Rxe3 Ne7 15.
Nh4 c6 16. Qf3 Qc7 17. Ngf5 Bxf5 18. exf5 Ned5 19. Ree1 Rad8 20. Rad1 Nb6 21.
g4 d5 22. Qg3 Qd6 23. Ng2 e4 24. Qe3 Nbd7 25. d4 Nh7 26. h4 Ndf6 27. Qh3 Qc7
28. Re3 Nd7 29. Rde1 Qb8 30. Rg3 Nhf8 31. g5 h5 32. g6 f6 33. Rge3 Nb6 34. Rxe4
Rxe4 35. Rxe4 Re8 36. Rxe8 Qxe8 37. Qf3 a5 38. a4 Nbd7 39. Nf4 Qe1+ 40. Kg2 Nb6
41. Nxh5 Qa1 42. Qe3 Nc8 43. Qe8 Nd6 44. Qe7 Ne8 45. Qf7+ Kh8 46. Qxf8# 1-0

[Event "35t. Copenhagen Open (Politiken Cup)"]
[Site "Elsinore"]
[Date "2013.07.27"]
[Round "1"]
[White "Halkias, Stelios"]
[Black "Ancion, Merowig"]
[Result "1-0"]
[WhiteElo "2565"]
[BlackElo "1954"]
[PlyCount "59"]
[EventDate "2013.07.27"]
[EventType "swiss"]
[EventRounds "10"]
[EventCountry "DEN"]
[Source "ChessBase"]
[SourceDate "2013.08.26"]

1. d4 Nf6 2. c4 e6 3. Nf3 b6 4. e3 Bb7 5. Bd3 c5 6. O-O cxd4 7. exd4 Be7 8. Nc3
O-O 9. d5 Re8 10. Re1 h6 11. Bf4 exd5 12. cxd5 Nxd5 13. Nxd5 Bxd5 14. Bc2 Bxf3
15. Qxf3 Nc6 16. Qd3 g6 17. Bb3 Kg7 18. Bxh6+ Kxh6 19. Bxf7 Rg8 20. Re3 Bh4 21.
Bxg8 Qxg8 22. Qd2 Kg7 23. Qxd7+ Qf7 24. Qxc6 Bxf2+ 25. Kh1 Bxe3 26. Qxa8 Bd4
27. Rd1 Qxa2 28. Qb7+ Kh6 29. Qe7 Bf2 30. Qf8+ 1-0

[Event "35t. Copenhagen Open (Politiken Cup)"]
[Site "Elsinore"]
[Date "2013.07.27"]
[Round "1"]
[White "Hansen, Alex Mehr"]
[Black "Hansen, Sune Berg"]
[Result "0-1"]
[WhiteElo "1953"]
[BlackElo "2549"]
[PlyCount "52"]
[EventDate "2013.07.27"]
[EventType "swiss"]
[EventRounds "10"]
[EventCountry "DEN"]
[Source "ChessBase"]
[SourceDate "2013.08.26"]

1. e4 e5 2. Bc4 Nf6 3. d3 Nc6 4. Ne2 Na5 5. Bb3 Nxb3 6. axb3 d5 7. exd5 Nxd5 8.
Nbc3 Be7 9. Ng3 O-O 10. O-O Nb4 11. Re1 Nc6 12. f4 exf4 13. Bxf4 Nd4 14. Ra4 c5
15. Nge2 Ne6 16. Bg3 Bd7 17. Ra1 Bc6 18. Nf4 Qd4+ 19. Kh1 Nxf4 20. Bxf4 Qxf4
21. Rxe7 Bxg2+ 22. Kg1 Qg5 23. Qe1 Bc6+ 24. Kf2 Qg2+ 25. Ke3 Rae8 26. Re4 f5
0-1

[Event "35t. Copenhagen Open (Politiken Cup)"]
[Site "Elsinore"]
[Date "2013.07.27"]
[Round "1"]
[White "Hansen, Anders"]
[Black "Skjoldager, Per"]
[Result "0-1"]
[WhiteElo "1709"]
[BlackElo "2136"]
[PlyCount "58"]
[EventDate "2013.07.27"]
[EventType "swiss"]
[EventRounds "10"]
[EventCountry "DEN"]
[Source "ChessBase"]
[SourceDate "2013.08.26"]

1. b3 e5 2. Bb2 Nc6 3. e3 Nf6 4. Bb5 d6 5. d4 exd4 6. exd4 a6 7. Qe2+ Qe7 8.
Bxc6+ bxc6 9. Nc3 Bf5 10. O-O-O Qxe2 11. Ngxe2 Kd7 12. Ng3 Bg6 13. f3 Be7 14.
h4 h5 15. Nge4 Nd5 16. Nxd5 cxd5 17. Nc3 c6 18. g3 Rae8 19. Rhe1 Bf6 20. Ne2
Re3 21. f4 Rhe8 22. Kd2 Bf5 23. Rc1 Bg4 24. Nc3 Rxg3 25. Na4 Rg2+ 26. Kc3 c5
27. Nb6+ Kc6 28. Rxe8 Bxd4+ 29. Kd3 Bf5+ 0-1

[Event "35t. Copenhagen Open (Politiken Cup)"]
[Site "Elsinore"]
[Date "2013.07.27"]
[Round "1"]
[White "Hansen, Ole Foss"]
[Black "Heedt, Thorsten"]
[Result "0-1"]
[WhiteElo "1779"]
[BlackElo "2173"]
[PlyCount "68"]
[EventDate "2013.07.27"]
[EventType "swiss"]
[EventRounds "10"]
[EventCountry "DEN"]
[Source "ChessBase"]
[SourceDate "2013.08.26"]

1. d4 Nf6 2. c4 e6 3. Nc3 d5 4. Bg5 Be7 5. e3 Nbd7 6. Nf3 O-O 7. Rc1 b6 8. cxd5
exd5 9. Qa4 a6 10. Qc6 Ra7 11. Nxd5 Nxd5 12. Qxd5 Bb7 13. Bxe7 Qxe7 14. Qb3
Bxf3 15. gxf3 c5 16. dxc5 bxc5 17. f4 Rb8 18. Qc3 Rab7 19. Rg1 g6 20. b3 Rb4
21. Bc4 Re8 22. Rg5 Rb6 23. Qd3 Kg7 24. Bxa6 Ra8 25. Bb5 Nf6 26. Rgxc5 Rxa2 27.
Qc4 Qb7 28. Bc6 Qc8 29. Ba4 Qg4 30. Rc2 Rd6 31. Qe2 Qg1+ 32. Qf1 Rd1+ 33. Kxd1
Qxf1+ 34. Kd2 Ne4# 0-1

[Event "35t. Copenhagen Open (Politiken Cup)"]
[Site "Elsinore"]
[Date "2013.07.27"]
[Round "1"]
[White "Hanssen, Johnny"]
[Black "Ochsner, Bjorn Moller"]
[Result "0-1"]
[WhiteElo "1879"]
[BlackElo "2343"]
[PlyCount "79"]
[EventDate "2013.07.27"]
[EventType "swiss"]
[EventRounds "10"]
[EventCountry "DEN"]
[Source "ChessBase"]
[SourceDate "2013.08.26"]

1. e4 c5 2. Nc3 d6 3. f4 g6 4. Nf3 Bg7 5. Bb5+ Bd7 6. Bc4 Nc6 7. d3 Na5 8. Bb3
e6 9. O-O Nxb3 10. axb3 Ne7 11. Qe1 O-O 12. f5 exf5 13. Qh4 Nc6 14. Ng5 h6 15.
exf5 Bxf5 16. Nf3 Qxh4 17. Nxh4 Be6 18. Ne4 d5 19. Nf6+ Kh8 20. g3 Nd4 21. Bd2
Nxc2 22. Rac1 Nd4 23. Rce1 g5 24. Ng2 Nxb3 25. Bc1 Bxf6 26. Rxf6 Kg7 27. Rf2 d4
28. h4 Kg6 29. hxg5 hxg5 30. Bf4 Rfe8 31. Be5 f5 32. g4 f4 33. Bxf4 Bxg4 34.
Be5 Re6 35. Kh2 Rae8 36. Kg3 Rxe5 37. Rxe5 Rxe5 38. Kxg4 b5 39. Rf8 c4 40. Rd8
0-1

[Event "35t. Copenhagen Open (Politiken Cup)"]
[Site "Elsinore"]
[Date "2013.07.27"]
[Round "1"]
[White "Haubro, Martin"]
[Black "Standal, Bard"]
[Result "1-0"]
[WhiteElo "2201"]
[BlackElo "1807"]
[PlyCount "69"]
[EventDate "2013.07.27"]
[EventType "swiss"]
[EventRounds "10"]
[EventCountry "DEN"]
[Source "ChessBase"]
[SourceDate "2013.08.26"]

1. e4 c5 2. c3 d5 3. exd5 Qxd5 4. d4 cxd4 5. cxd4 Nc6 6. Be3 e6 7. Nc3 Bb4 8.
Nf3 Nge7 9. Bd3 Bxc3+ 10. bxc3 O-O 11. O-O b6 12. Rb1 Bb7 13. Rb5 Qd8 14. Rh5
f5 15. Ng5 Rf6 16. Rxh7 Qe8 17. Qf3 Ng6 18. Qh3 Kf8 19. Rxg7 Kxg7 20. Qh7+ Kf8
21. Qxb7 Kg8 22. Bc4 Nf8 23. Bb5 Rc8 24. f4 Qd7 25. Qa6 Qc7 26. Qa4 Nb8 27. Rc1
Qb7 28. Be2 Qd7 29. Qd1 Rc7 30. c4 Qe7 31. d5 exd5 32. Qxd5+ Ne6 33. Bd4 Rh6
34. Nxe6 Qxe6 35. Qd8+ 1-0

[Event "35t. Copenhagen Open (Politiken Cup)"]
[Site "Elsinore"]
[Date "2013.07.27"]
[Round "1"]
[White "Haugli, Petter"]
[Black "Moller, Arne"]
[Result "1-0"]
[WhiteElo "2287"]
[BlackElo "1860"]
[PlyCount "79"]
[EventDate "2013.07.27"]
[EventType "swiss"]
[EventRounds "10"]
[EventCountry "DEN"]
[Source "ChessBase"]
[SourceDate "2013.08.26"]

1. d4 Nf6 2. c4 e6 3. Nc3 Bb4 4. Qc2 c5 5. dxc5 Bxc5 6. Nf3 Nc6 7. Bf4 a6 8. e3
h6 9. Rd1 Qe7 10. h3 e5 11. Bg3 d6 12. Be2 Be6 13. O-O Rc8 14. Nd5 Nxd5 15.
cxd5 Nb4 16. Qb3 Bf5 17. Ne1 a5 18. a3 Na6 19. Qb5+ Qd7 20. Qxa5 O-O 21. Bxa6
bxa6 22. Qxa6 Ra8 23. Qe2 Ra4 24. Nd3 Qb5 25. Rfe1 Rb8 26. Nxc5 Qxc5 27. Kh2
Bc2 28. Rd2 Rxb2 29. Rc1 Rc4 30. Bxe5 dxe5 31. d6 e4 32. d7 Qc7+ 33. g3 Bd3 34.
Rxc4 Qxd7 35. Rxd3 Qb5 36. Rd8+ Kh7 37. Qf1 Qf5 38. Kg1 Qb5 39. Rc1 Qg5 40. Rd4
1-0

[Event "35t. Copenhagen Open (Politiken Cup)"]
[Site "Elsinore"]
[Date "2013.07.27"]
[Round "1"]
[White "Hector, Jonny"]
[Black "Olsson, Tomas"]
[Result "1-0"]
[WhiteElo "2509"]
[BlackElo "1932"]
[PlyCount "59"]
[EventDate "2013.07.27"]
[EventType "swiss"]
[EventRounds "10"]
[EventCountry "DEN"]
[Source "ChessBase"]
[SourceDate "2013.08.26"]

1. e4 e5 2. Nf3 Nc6 3. Bc4 Nf6 4. Qe2 Bc5 5. c3 d6 6. O-O O-O 7. Rd1 Qe7 8. d3
a6 9. Bb3 Be6 10. Bc2 Ba7 11. Bg5 h6 12. Bh4 Kh8 13. d4 Bg4 14. h3 Bxf3 15.
Qxf3 g5 16. Bg3 exd4 17. Nd2 Rae8 18. Re1 Ne5 19. Qd1 Rg8 20. Nb3 dxc3 21. bxc3
g4 22. hxg4 Rxg4 23. Nd4 Qf8 24. Re3 Qg8 25. Qf1 Nh5 26. Bh2 Nc6 27. Rh3 Nxd4
28. cxd4 Bxd4 29. Rxh5 Qg6 30. Rh3 1-0

[Event "35t. Copenhagen Open (Politiken Cup)"]
[Site "Elsinore"]
[Date "2013.07.27"]
[Round "1"]
[White "Heimisson, Hilmir Freyr"]
[Black "Hansen, Morten Moller"]
[Result "0-1"]
[WhiteElo "1690"]
[BlackElo "2126"]
[PlyCount "120"]
[EventDate "2013.07.27"]
[EventType "swiss"]
[EventRounds "10"]
[EventCountry "DEN"]
[Source "ChessBase"]
[SourceDate "2013.08.26"]

1. e4 c5 2. Nc3 Nc6 3. f4 e6 4. Nf3 a6 5. a4 Qc7 6. d3 d6 7. Be2 Nf6 8. O-O Be7
9. Qe1 b6 10. Qg3 g6 11. b3 d5 12. Bb2 d4 13. Na2 Nh5 14. Qe1 Nxf4 15. e5 Bb7
16. Bd1 O-O-O 17. Nd2 Nxe5 18. Rxf4 Nxd3 19. cxd3 Qxf4 20. Bf3 Bxf3 21. Nxf3
Rhf8 22. Bc1 Qf5 23. Qe2 Rd5 24. Bd2 a5 25. Rf1 Qh5 26. g3 Bg5 27. Bxg5 Rxg5
28. Kg2 Rd5 29. Nc1 Re8 30. Qf2 f5 31. Nd2 g5 32. Nc4 Kb7 33. Re1 Qf7 34. Qf3
Ka6 35. Re5 Qb7 36. Kf2 Rxe5 37. Nxe5 Qxf3+ 38. Kxf3 Re7 39. Ne2 b5 40. Nc6 Rc7
41. Nd8 Re7 42. h4 bxa4 43. bxa4 Kb6 44. hxg5 Kc7 45. Nxe6+ Rxe6 46. Nf4 Re3+
47. Kf2 Kd6 48. Kg2 c4 49. dxc4 d3 50. Nd5 Re4 51. Kf3 Rxc4 52. Ne3 Rxa4 53.
Nxf5+ Ke5 54. Ne3 Rd4 55. Kf2 a4 56. Ke1 a3 57. Kd2 a2 58. g6 hxg6 59. g4 a1=Q
60. g5 Qb2+ 0-1

[Event "35t. Copenhagen Open (Politiken Cup)"]
[Site "Elsinore"]
[Date "2013.07.27"]
[Round "1"]
[White "Helin, Mikael"]
[Black "Kristiansen, Jens"]
[Result "0-1"]
[WhiteElo "1910"]
[BlackElo "2396"]
[PlyCount "122"]
[EventDate "2013.07.27"]
[EventType "swiss"]
[EventRounds "10"]
[EventCountry "DEN"]
[Source "ChessBase"]
[SourceDate "2013.08.26"]

1. e4 g6 2. Nc3 Bg7 3. g3 c5 4. Bg2 Nc6 5. d3 d6 6. Nge2 e5 7. f4 Nge7 8. O-O
Nd4 9. Nxd4 exd4 10. f5 dxc3 11. f6 Bf8 12. fxe7 Qxe7 13. bxc3 Bg7 14. d4 O-O
15. Ba3 Qc7 16. Re1 Qa5 17. Bb2 Be6 18. Qd3 Rac8 19. Kh1 Qa4 20. d5 Bd7 21. Bc1
Bb5 22. Qf3 Qxc2 23. Bf4 Qxc3 24. Rab1 Qxf3 25. Bxf3 Bd3 26. Rxb7 Be5 27. Re3
c4 28. Bxe5 dxe5 29. Be2 Bxe2 30. Rxe2 c3 31. Rc2 Rc4 32. Rxa7 Rd8 33. Kg2 Rxe4
34. Rxc3 Re2+ 35. Kf3 Rxh2 36. Rcc7 Rf8 37. d6 Rd2 38. Rd7 Kg7 39. g4 Kf6 40.
a4 Rd3+ 41. Ke2 Rd4 42. a5 Rxg4 43. Rdc7 h5 44. Rab7 Ra4 45. Rc6 Rxa5 46. d7+
Ke7 47. Rc8 Rd8 48. Ke3 Rxd7 49. Rbb8 Ke6 50. Re8+ Kf5 51. Rb1 Ra3+ 52. Ke2 Ke4
53. Kf1 Kf4 54. Kg1 e4 55. Rf1+ Rf3 56. Ra1 f5 57. Re6 g5 58. Rb6 Kg3 59. Rb2
g4 60. Kh1 Rfd3 61. Rg1+ Kf4 0-1

[Event "35t. Copenhagen Open (Politiken Cup)"]
[Site "Elsinore"]
[Date "2013.07.27"]
[Round "1"]
[White "Jacobsen, Caroline Beer"]
[Black "Segovia Sanchez, Antonio"]
[Result "0-1"]
[WhiteElo "1585"]
[BlackElo "2059"]
[PlyCount "42"]
[EventDate "2013.07.27"]
[EventType "swiss"]
[EventRounds "10"]
[EventCountry "DEN"]
[Source "ChessBase"]
[SourceDate "2013.08.26"]

1. c4 g6 2. g3 Bg7 3. Bg2 c6 4. Nc3 Nf6 5. Nf3 O-O 6. O-O d5 7. d3 Na6 8. Rb1
Qa5 9. Bd2 dxc4 10. dxc4 Qh5 11. Bf4 Be6 12. Ne5 Bh3 13. Bxh3 Qxh3 14. f3 Nc5
15. e4 Rfd8 16. Qe2 Ne6 17. Be3 Nxe4 18. fxe4 Bxe5 19. Qf2 Rd3 20. Rbd1 Rad8
21. Kh1 Rxd1 0-1

[Event "35t. Copenhagen Open (Politiken Cup)"]
[Site "Elsinore"]
[Date "2013.07.27"]
[Round "1"]
[White "Jacobsen, Mikkel Manosri"]
[Black "Kunin, Vitaly"]
[Result "0-1"]
[WhiteElo "1928"]
[BlackElo "2502"]
[PlyCount "62"]
[EventDate "2013.07.27"]
[EventType "swiss"]
[EventRounds "10"]
[EventCountry "DEN"]
[Source "ChessBase"]
[SourceDate "2013.08.26"]

1. d4 d5 2. Bf4 Nf6 3. e3 c5 4. c3 Qb6 5. Qb3 c4 6. Qc2 Nc6 7. Nd2 g6 8. Ngf3
Bf5 9. Qc1 Bg7 10. Be2 O-O 11. O-O Qd8 12. Ne5 Nxe5 13. dxe5 Nd7 14. Rd1 Qc8
15. Nf3 e6 16. Qd2 Qc7 17. Qd4 Bg4 18. Bh6 Bxf3 19. Bxg7 Bxe2 20. Bxf8 Kxf8 21.
Rd2 Bd3 22. Qh4 Qxe5 23. Qxh7 Ke7 24. Qh4+ g5 25. Qg3 Qxg3 26. hxg3 g4 27. b3
Ne5 28. bxc4 Be4 29. Kf1 Rh8 30. Rdd1 Bd3+ 31. Kg1 Be2 0-1

[Event "35t. Copenhagen Open (Politiken Cup)"]
[Site "Elsinore"]
[Date "2013.07.27"]
[Round "1"]
[White "Jacobsen, Per"]
[Black "Poulsen, Iver"]
[Result "0-1"]
[WhiteElo "1641"]
[BlackElo "2087"]
[PlyCount "72"]
[EventDate "2013.07.27"]
[EventType "swiss"]
[EventRounds "10"]
[EventCountry "DEN"]
[Source "ChessBase"]
[SourceDate "2013.08.26"]

1. b3 e5 2. Bb2 Nc6 3. e3 Nf6 4. Nf3 e4 5. Nd4 Nxd4 6. Bxd4 Be7 7. Be2 O-O 8.
O-O d5 9. c4 Bf5 10. cxd5 Qxd5 11. Nc3 Qd7 12. Rc1 c5 13. Be5 Rfd8 14. Rc2 Rac8
15. Bb5 Qe6 16. Bg3 a6 17. Bc4 Qc6 18. Bh4 b5 19. Be2 Rc7 20. Qc1 Rcd7 21. Rd1
Qe6 22. a4 b4 23. Bc4 Qc6 24. Ne2 h6 25. Qa1 g5 26. Bg3 Nd5 27. Qe5 Bg6 28.
Bxd5 Qxd5 29. Qxd5 Rxd5 30. Bc7 Rc8 31. Bb6 Bh5 32. Re1 Bxe2 33. Rxe2 Rd3 34.
Re1 Rxb3 35. Rec1 Ra3 36. g3 b3 0-1

[Event "35t. Copenhagen Open (Politiken Cup)"]
[Site "Elsinore"]
[Date "2013.07.27"]
[Round "1"]
[White "Jarlnaes, Erik"]
[Black "Erenburg, Sergey"]
[Result "0-1"]
[WhiteElo "1961"]
[BlackElo "2615"]
[PlyCount "66"]
[EventDate "2013.07.27"]
[EventType "swiss"]
[EventRounds "10"]
[EventCountry "DEN"]
[Source "ChessBase"]
[SourceDate "2013.08.26"]

1. e4 c6 2. d4 d5 3. Nc3 dxe4 4. Nxe4 Bf5 5. Ng3 Bg6 6. Nf3 Nd7 7. h4 h6 8. Bd3
Bxd3 9. Qxd3 e6 10. Bf4 Ngf6 11. O-O Be7 12. c4 O-O 13. Rfd1 a5 14. Ne4 Nxe4
15. Qxe4 a4 16. Rd3 Qb6 17. Ne5 Qxb2 18. Rad1 f5 19. Qe3 Nxe5 20. Qxe5 Bxh4 21.
g3 Bf6 22. Qxe6+ Kh8 23. R3d2 Qc3 24. Rd3 Qc2 25. Bd6 Rfe8 26. Qxf5 Bxd4 27.
Qf7 c5 28. R1d2 Qb1+ 29. Kg2 Qb6 30. Rxd4 cxd4 31. c5 Qc6+ 32. f3 Qb5 33. Rxd4
Qb2+ 0-1

[Event "35t. Copenhagen Open (Politiken Cup)"]
[Site "Elsinore"]
[Date "2013.07.27"]
[Round "1"]
[White "Jensen, Michael Agermose"]
[Black "Merkesvik, Frode"]
[Result "1-0"]
[WhiteElo "2066"]
[BlackElo "1611"]
[PlyCount "79"]
[EventDate "2013.07.27"]
[EventType "swiss"]
[EventRounds "10"]
[EventCountry "DEN"]
[Source "ChessBase"]
[SourceDate "2013.08.26"]

1. e4 Nf6 2. e5 Nd5 3. d4 d6 4. Bc4 Nb6 5. Bb3 dxe5 6. Qh5 e6 7. dxe5 Nc6 8.
Nf3 Nd4 9. Nxd4 Qxd4 10. O-O Nd5 11. Rd1 Qc5 12. c4 Ne7 13. Be3 Qa5 14. Bd2 Qc5
15. Ba4+ c6 16. b4 Qxc4 17. Bb3 Qe4 18. Nc3 Qg6 19. Qe2 f5 20. b5 c5 21. b6 a6
22. Na4 Nd5 23. Rac1 Bd7 24. Nxc5 Bc6 25. f3 Bxc5+ 26. Rxc5 O-O 27. Rdc1 Nxb6
28. Rxc6 bxc6 29. Rxc6 Kh8 30. Rxe6 Qh5 31. Rxb6 a5 32. e6 f4 33. Rb5 Qe8 34.
e7 Rf6 35. Bc3 Rd6 36. Qe5 Rg6 37. Rxa5 Rxa5 38. Qxa5 Rd6 39. Qe5 Rf6 40. Qd5
1-0

[Event "35t. Copenhagen Open (Politiken Cup)"]
[Site "Elsinore"]
[Date "2013.07.27"]
[Round "1"]
[White "Jensen, Soren Holm"]
[Black "Nielsen, Bjorn"]
[Result "1-0"]
[WhiteElo "2004"]
[BlackElo "1458"]
[PlyCount "119"]
[EventDate "2013.07.27"]
[EventType "swiss"]
[EventRounds "10"]
[EventCountry "DEN"]
[Source "ChessBase"]
[SourceDate "2013.08.26"]

1. e4 e5 2. Nf3 Nc6 3. Bb5 a6 4. Ba4 Bc5 5. O-O Nf6 6. d3 O-O 7. c3 d5 8. Nbd2
Be7 9. Bxc6 bxc6 10. Nxe5 Bd6 11. f4 Bb7 12. exd5 cxd5 13. Ndf3 Nd7 14. Bd2
Nxe5 15. fxe5 Bc5+ 16. d4 Ba7 17. b4 Bc8 18. Qe1 Bf5 19. Qg3 Bd3 20. Rfe1 f6
21. Bf4 Bb6 22. exf6 Qxf6 23. Be5 Qg6 24. a4 a5 25. b5 Qxg3 26. Bxg3 Bc4 27.
Ne5 Rfe8 28. Nxc4 Rxe1+ 29. Rxe1 dxc4 30. Re7 Rc8 31. Be5 c5 32. Rxg7+ Kf8 33.
Rb7 Bd8 34. Bd6+ Kg8 35. Be5 cxd4 36. Bxd4 h5 37. Rg7+ Kf8 38. Rh7 h4 39. b6
Rb8 40. b7 Ke8 41. Ba7 Rxb7 42. Rxb7 Bf6 43. Bd4 Bxd4+ 44. cxd4 h3 45. Rc7 hxg2
46. Kxg2 c3 47. Rxc3 Kd7 48. Kf3 Kd6 49. Ke4 Ke6 50. Rc6+ Kd7 51. Rh6 Ke7 52.
Kf5 Kd7 53. Ke5 Ke7 54. Rh7+ Ke8 55. Kf6 Kd8 56. Ke6 Kc8 57. Kd6 Kb8 58. Kc6
Ka8 59. Kb6 Kb8 60. Rh8# 1-0

[Event "35t. Copenhagen Open (Politiken Cup)"]
[Site "Elsinore"]
[Date "2013.07.27"]
[Round "1"]
[White "Johansen, Stian"]
[Black "Kyrkjebo, Marte Bakken"]
[Result "1-0"]
[WhiteElo "2085"]
[BlackElo "1641"]
[PlyCount "89"]
[EventDate "2013.07.27"]
[EventType "swiss"]
[EventRounds "10"]
[EventCountry "DEN"]
[Source "ChessBase"]
[SourceDate "2013.08.26"]

1. e4 e5 2. f4 d5 3. exd5 exf4 4. Nf3 Bd6 5. Nc3 Ne7 6. d4 O-O 7. Bd3 Bf5 8.
O-O Bxd3 9. Qxd3 Nd7 10. Ng5 Ng6 11. Qf5 Nf6 12. Nce4 Nxe4 13. Nxe4 Ne7 14. Qh5
Ng6 15. c4 Qe8 16. Nxd6 cxd6 17. Qf3 Rc8 18. b3 Qd8 19. Bxf4 Qf6 20. Be3 Qe7
21. Rae1 Qd7 22. Bf4 b6 23. Qg3 Rfd8 24. h4 Nxf4 25. Rxf4 Re8 26. Rfe4 Rxe4 27.
Rxe4 Qf5 28. Qe3 h6 29. Re7 Qb1+ 30. Kh2 Qxa2 31. Rxf7 Kxf7 32. Qe6+ Kf8 33.
Qxc8+ Ke7 34. Qe6+ Kf8 35. Qxd6+ Kg8 36. Qe6+ Kh8 37. Qc8+ Kh7 38. Qf5+ Kh8 39.
d6 Qe2 40. Qe5 Qf2 41. Qe8+ Kh7 42. Qe4+ Kg8 43. d7 Qf6 44. Kg1 Qd8 45. Qe8+
1-0

[Event "35t. Copenhagen Open (Politiken Cup)"]
[Site "Elsinore"]
[Date "2013.07.27"]
[Round "1"]
[White "Johansson, Alexander"]
[Black "Petersen, Albert Emil Lyng"]
[Result "1-0"]
[WhiteElo "2022"]
[BlackElo "1533"]
[PlyCount "33"]
[EventDate "2013.07.27"]
[EventType "swiss"]
[EventRounds "10"]
[EventCountry "DEN"]
[Source "ChessBase"]
[SourceDate "2013.08.26"]

1. d4 d5 2. Nc3 Nf6 3. Bg5 Bf5 4. f3 e6 5. e4 dxe4 6. fxe4 Bg6 7. e5 Be7 8.
exf6 Bxf6 9. Bxf6 Qxf6 10. Nf3 Nc6 11. Bb5 O-O 12. Bxc6 bxc6 13. O-O Bh5 14.
Ne4 Qf4 15. Qd3 Rad8 16. Nfg5 Qg4 17. Nf6+ 1-0

[Event "35t. Copenhagen Open (Politiken Cup)"]
[Site "Elsinore"]
[Date "2013.07.27"]
[Round "1"]
[White "Jorgensen, Dennis"]
[Black "Nilsen, Martin"]
[Result "1-0"]
[WhiteElo "2245"]
[BlackElo "1820"]
[PlyCount "83"]
[EventDate "2013.07.27"]
[EventType "swiss"]
[EventRounds "10"]
[EventCountry "DEN"]
[Source "ChessBase"]
[SourceDate "2013.08.26"]

1. d4 d5 2. c4 c6 3. Nf3 Nf6 4. e3 g6 5. Nc3 Bg7 6. Bd3 O-O 7. h3 b6 8. O-O Bb7
9. b3 c5 10. Bb2 e6 11. Rc1 Nbd7 12. cxd5 exd5 13. Qe2 Re8 14. Rfd1 Ne4 15. Bb5
Re7 16. Na4 Rc8 17. Rc2 Ndf6 18. Ba6 cxd4 19. Bxb7 Rxc2 20. Qxc2 Rxb7 21. Bxd4
Rc7 22. Qb1 Qc8 23. Nb2 Nc3 24. Bxc3 Rxc3 25. Nd3 Ne4 26. Nf4 Rc2 27. Nxd5 Qc5
28. Nb4 Bf6 29. Qxc2 Qxb4 30. Qc4 Qe7 31. Qc8+ Kg7 32. Qd7 Qa3 33. Qa4 Qb2 34.
Qxe4 Qxa2 35. Qd5 a5 36. Ne5 Bxe5 37. Qxe5+ Kh6 38. Qf4+ Kg7 39. Qd4+ Kh6 40.
Qxb6 f5 41. Rd4 Kh5 42. Qf6 1-0

[Event "35t. Copenhagen Open (Politiken Cup)"]
[Site "Elsinore"]
[Date "2013.07.27"]
[Round "1"]
[White "Kearsley, Raymond J"]
[Black "Klings, Peter"]
[Result "0-1"]
[WhiteElo "1764"]
[BlackElo "2167"]
[PlyCount "98"]
[EventDate "2013.07.27"]
[EventType "swiss"]
[EventRounds "10"]
[EventCountry "DEN"]
[Source "ChessBase"]
[SourceDate "2013.08.26"]

1. e4 g6 2. Nf3 Bg7 3. Nc3 c5 4. d4 cxd4 5. Nxd4 Nc6 6. Be3 Nf6 7. f3 d6 8. Qd2
Bd7 9. g4 Rc8 10. Nxc6 bxc6 11. Bh6 Bxh6 12. Qxh6 Qa5 13. O-O-O Be6 14. a3 Rb8
15. Qe3 Nd7 16. Qd4 Ne5 17. Be2 f6 18. h3 g5 19. h4 gxh4 20. f4 c5 21. Qd2 Nc6
22. Nd5 Qxd2+ 23. Rxd2 Kd7 24. f5 Bxd5 25. exd5 Ne5 26. Rxh4 a5 27. Rd1 Rbg8
28. Rdh1 Rg7 29. R1h3 Ke8 30. Rb3 Kf7 31. Kd2 Ra8 32. Ke3 a4 33. Rb5 Kg8 34.
Kf4 Rf7 35. Rh3 Ra7 36. b3 Rf8 37. Rc3 axb3 38. Rbxb3 Ra4+ 39. Kg3 Rfa8 40. Kh4
Kf7 41. Kh5 Rg8 42. Rg3 Rg5+ 43. Kh4 h5 44. Kh3 hxg4+ 45. Kg2 Rxf5 46. Bb5 Ra7
47. a4 Rf4 48. Ra3 Rd4 49. Bc6 f5 0-1